| 000 | 01069cam a22003253a 4500 | ||
|---|---|---|---|
| 001 | 25446 | ||
| 003 | PGUSA | ||
| 005 | 20140828083540.0 | ||
| 008 | 080512s2008||||xxu|||||s|||||000 1 eng d | ||
| 040 |
_aPGUSA _beng |
||
| 042 | _adc | ||
| 050 | 4 | _aPZ | |
| 100 | 1 |
_aRichards, Laura Elizabeth Howe, _d1850-1943 |
|
| 245 | 1 | 0 |
_aFernley House _h[electronic resource] / _cLaura Elizabeth Howe Richards |
| 260 |
_bProject Gutenberg, _c2008 |
||
| 506 | _aPublic domain in the USA. | ||
| 516 | _aElectronic text | ||
| 653 | _aKindness -- Juvenile fiction | ||
| 653 | _aNieces -- Juvenile fiction | ||
| 653 | _aYouth -- Conduct of life -- Juvenile fiction | ||
| 653 | _aCousins -- Juvenile fiction | ||
| 653 | _aConduct of life -- Juvenile fiction | ||
| 653 | _aCourtship -- Juvenile fiction | ||
| 653 | _aBrothers and sisters -- Juvenile fiction | ||
| 653 | _aUncles -- Juvenile fiction | ||
| 700 | 1 |
_aBarry, Etheldred B. _q(Etheldred Breeze), _d1870- |
|
| 830 | 0 |
_aProject Gutenberg _v25446 |
|
| 856 | 4 | 0 | _uhttp://www.gutenberg.org/ebooks/25446 |
| 942 | _cEB | ||
| 999 |
_c254701 _d254701 |
||